[Event "Llinars del Valles op-B 13th"]
[Site "Llinars del Valles"]
[Date "2019.03.30"]
[Round "1"]
[White "Negre Pipla, Josep"]
[Black "Garcia Nogueras, Joan"]
[Result "0-1"]
[WhiteElo "1499"]
[BlackElo "1618"]
[PlyCount "60"]
[EventDate "2019.03.30"]
[EventType "swiss"]
[EventRounds "8"]
[EventCountry "ESP"]
[SourceTitle "EXT 2020"]
[Source "ChessBase"]
[SourceDate "2019.10.17"]
[SourceVersion "1"]
[SourceVersionDate "2019.10.17"]
[SourceQuality "1"]

1. Nf3 c5 2. g3 Nc6 3. Bg2 d5 4. 0-0 e5 5. d3 Nf6 6. Nbd2 Be7 7. e4 d4 8. Nc4 Qc7 9. a4 Be6 10. b3 0-0 11. Nh4 Ne8 12. Nf3 a6 13. Ng5 Bxg5 14. Bxg5 f6 15. Bd2 Rb8 16. f4 b5 17. axb5 axb5 18. Na5 Nb4 19. Bxb4 cxb4 20. Qd2 Qc5 21. fxe5 fxe5 22. Rxf8+ Kxf8 23. Rf1+ Nf6 24. Qg5 Qc7 25. h3 Ra8 26. Rxf6+ gxf6 27. Qxf6+ Bf7 28. Qh8+ Bg8 29. Qf6+ Ke8 30. Qh8 Kf7 0-1